000 00245nmm a2200085Ia 4500
008 220120s9999||||xx |||||||||||||||||und||
100 _aLFY
_910674
245 0 _aDecember 2010 ; open source database software, mysql, mongo
260 _aEFY enterprises
999 _c139628
_d139628